[Event "FRA-chT1B 0809"]
[Site "France"]
[Date "2009.02.07"]
[Round "6.5"]
[White "Crouan, Stephane"]
[Black "Senderovic, Salko"]
[Result "0-1"]
[WhiteElo "2183"]
[BlackElo "2098"]
[PlyCount "82"]
[EventDate "2008.10.19"]
[EventType "team-tourn"]
[EventRounds "11"]
[EventCountry "FRA"]
[SourceTitle "EXT 2010"]
[Source "ChessBase"]
[SourceDate "2010.11.25"]
[SourceVersion "1"]
[SourceVersionDate "2010.11.25"]
[SourceQuality "1"]
[WhiteTeam "Nantes"]
[BlackTeam "Echiquier Berry Sologne"]
[WhiteTeamCountry "FRA"]
[BlackTeamCountry "FRA"]

1. e4 d6 2. d4 Nf6 3. Nc3 g6 4. Bf4 a6 5. Qd2 Bg7 6. 0-0-0 c6 7. f3 b5 8. g4 Nbd7 9. e5 b4 10. exf6 bxc3 11. Qxc3 Nxf6 12. Qxc6+ Bd7 13. Qc4 0-0 14. Kb1 Qb6 15. Qb3 Qa7 16. Bc4 Rab8 17. Qa3 Rfc8 18. Bb3 a5 19. c3 a4 20. h3 Qb7 21. Bc2 Nd5 22. Bd2 Qb5 23. Rh2 Nb6 24. Qb4 Qa6 25. Ka1 Nc4 26. Qxb8 Rxb8 27. Bd3 Qc6 28. Bc1 e5 29. Ne2 Be6 30. Rf2 Qb6 31. Bxc4 Bxc4 32. f4 Bxe2 33. Rxe2 exd4 34. cxd4 Bxd4 35. Kb1 Bg7 36. f5 Qb4 37. Rde1 Be5 38. fxg6 hxg6 39. Re4 Qb5 40. R4e2 Qd3+ 41. Ka1 a3 0-1

[Event "FRA-chT1B 0809"]
[Site "France"]
[Date "2008.12.13"]
[Round "4.5"]
[White "Alet, Jean Pierre"]
[Black "Senderovic, Salko"]
[Result "1-0"]
[WhiteElo "2179"]
[BlackElo "2098"]
[PlyCount "87"]
[EventDate "2008.10.19"]
[EventType "team-tourn"]
[EventRounds "11"]
[EventCountry "FRA"]
[SourceTitle "EXT 2010"]
[Source "ChessBase"]
[SourceDate "2010.11.25"]
[SourceVersion "1"]
[SourceVersionDate "2010.11.25"]
[SourceQuality "1"]
[WhiteTeam "Niort"]
[BlackTeam "Echiquier Berry Sologne"]
[WhiteTeamCountry "FRA"]
[BlackTeamCountry "FRA"]

1. d4 Nf6 2. c4 g6 3. Nc3 Bg7 4. e4 d6 5. Nge2 0-0 6. Ng3 a6 7. Be2 c6 8. 0-0 b5 9. f4 bxc4 10. e5 Nd5 11. Bxc4 e6 12. Nce4 dxe5 13. fxe5 Nd7 14. Bg5 Qb6 15. Bxd5 exd5 16. Nf6+ Kh8 17. Nxd7 Bxd7 18. Be7 Rfe8 19. Bc5 Qxb2 20. Rxf7 Be6 21. Rf2 Qc3 22. Rc1 Qa5 23. Ne2 Rab8 24. Nf4 Bf5 25. Bd6 Rbc8 26. Rc5 Qb6 27. Rf3 Bg4 28. Qb3 Qa7 29. Rfc3 Red8 30. h3 g5 31. hxg4 gxf4 32. Qa4 Qd7 33. Qd1 Re8 34. Ra5 Ra8 35. Rca3 Bh6 36. Rxa6 Rxa6 37. Rxa6 Qb7 38. Qe2 Bg7 39. Ra3 Qb1+ 40. Kh2 Qa1 41. Qd2 Bh6 42. Rh3 Bg5 43. Qd3 h6 44. Qg6 1-0

[Event "FRA-chT1B 0809"]
[Site "France"]
[Date "2008.11.22"]
[Round "2.6"]
[White "Mandon, Fabrice"]
[Black "Senderovic, Salko"]
[Result "1/2-1/2"]
[WhiteElo "2219"]
[BlackElo "2098"]
[PlyCount "139"]
[EventDate "2008.10.19"]
[EventType "team-tourn"]
[EventRounds "11"]
[EventCountry "FRA"]
[SourceTitle "EXT 2010"]
[Source "ChessBase"]
[SourceDate "2010.11.25"]
[SourceVersion "1"]
[SourceVersionDate "2010.11.25"]
[SourceQuality "1"]
[WhiteTeam "Gonfreville"]
[BlackTeam "Echiquier Berry Sologne"]
[WhiteTeamCountry "FRA"]
[BlackTeamCountry "FRA"]

1. e4 d6 2. d4 Nf6 3. f3 g6 4. Be3 Bg7 5. c4 0-0 6. Nc3 a6 7. Bd3 c6 8. Nge2 b5 9. 0-0 bxc4 10. Bxc4 d5 11. Bb3 dxe4 12. Nxe4 Nbd7 13. Qc2 Bb7 14. Rad1 Nd5 15. Bf2 Rc8 16. Nc5 Nxc5 17. Qxc5 Re8 18. Rfe1 e6 19. Nc3 Bf8 20. Qc4 Nxc3 21. Qxc3 Bd6 22. Qe3 Qf6 23. Qe4 Qf4 24. Qxf4 Bxf4 25. Be3 Bd6 26. Ba4 Be7 27. Rc1 Red8 28. Rc4 Bf6 29. Rec1 Rd6 30. Kf2 Kf8 31. Rb4 Rc7 32. Rcc4 g5 33. h4 h6 34. hxg5 hxg5 35. f4 a5 36. Rb6 gxf4 37. Bxf4 Rxd4 38. Bxc7 Rxc4 39. Rxb7 Rxa4 40. a3 Rc4 41. b3 Rc2+ 42. Kf3 Be7 43. Bxa5 Bxa3 44. Bc7 Be7 45. Be5 f6 46. Bb8 Rc5 47. Ke4 f5+ 48. Kd4 Rc2 49. g3 c5+ 50. Kd3 Rc1 51. Bf4 Rd1+ 52. Kc2 Rd5 53. Kc3 Ke8 54. Rb6 Kf7 55. Rc6 Bf6+ 56. Kc4 Be7 57. Be3 Rd1 58. Bxc5 Bxc5 59. Rxc5 Rg1 60. b4 Rxg3 61. b5 Ke7 62. b6 Rg8 63. b7 Kd7 64. Kb5 f4 65. Kb6 Rb8 66. Rc7+ Kd6 67. Rf7 Ke5 68. Kc7 Rxb7+ 69. Kxb7 Ke4 70. Kc6 1/2-1/2

[Event "FRA-chT2 West 0708"]
[Site "France"]
[Date "2008.03.16"]
[Round "8.7"]
[White "Vaugeois, Cyrille"]
[Black "Senderovic, Salko"]
[Result "1-0"]
[WhiteElo "2182"]
[BlackElo "2093"]
[PlyCount "65"]
[EventDate "2007.10.21"]
[EventType "team"]
[EventRounds "11"]
[EventCountry "FRA"]
[SourceTitle "EXT 2009"]
[Source "ChessBase"]
[SourceDate "2008.11.26"]
[SourceVersion "1"]
[SourceVersionDate "2008.11.26"]
[SourceQuality "1"]
[WhiteTeam "Gonfreville II"]
[BlackTeam "Echiquier Berry Sologne"]
[WhiteTeamCountry "FRA"]
[BlackTeamCountry "FRA"]

1. e4 e5 2. Nf3 Nc6 3. Nc3 Nf6 4. d4 exd4 5. Nxd4 Bc5 6. Be3 Nxd4 7. Bxd4 Bxd4 8. Qxd4 Qe7 9. Bd3 d6 10. 0-0-0 0-0 11. Rhe1 Qe5 12. Qe3 Ng4 13. Qd2 Qxh2 14. Rh1 Qxg2 15. Nd5 f5 16. Nf4 Qxf2 17. Bc4+ Rf7 18. Bxf7+ Kxf7 19. Qd5+ Ke7 20. Rhf1 Qe3+ 21. Kb1 Nf6 22. Qc4 Qc5 23. Qxc5 dxc5 24. e5 Ne4 25. Nd5+ Kf7 26. Nxc7 Rb8 27. Rd8 g5 28. Rh1 Kg6 29. e6 h5 30. e7 Nf6 31. Nd5 Kf7 32. Re1 Ne8 33. Rxe8 1-0

[Event "FRA-chT2 West 0708"]
[Site "France"]
[Date "2008.02.10"]
[Round "7.7"]
[White "Bernardin, Thierry"]
[Black "Senderovic, Salko"]
[Result "1/2-1/2"]
[WhiteElo "1983"]
[BlackElo "2093"]
[PlyCount "78"]
[EventDate "2007.10.21"]
[EventType "team"]
[EventRounds "11"]
[EventCountry "FRA"]
[SourceTitle "EXT 2009"]
[Source "ChessBase"]
[SourceDate "2008.11.26"]
[SourceVersion "1"]
[SourceVersionDate "2008.11.26"]
[SourceQuality "1"]
[WhiteTeam "Orleans"]
[BlackTeam "Echiquier Berry Sologne"]
[WhiteTeamCountry "FRA"]
[BlackTeamCountry "FRA"]

1. d4 d5 2. e3 Nf6 3. Bd3 g6 4. f4 Bg7 5. Nf3 Nbd7 6. 0-0 0-0 7. Qe1 c5 8. c3 c4 9. Bc2 b5 10. Nbd2 Nb6 11. Ne5 Qd6 12. e4 dxe4 13. Nxe4 Nxe4 14. Bxe4 Nd5 15. a4 f6 16. Nf3 bxa4 17. Rxa4 e6 18. Rf2 Ba6 19. Re2 Bb5 20. Ra5 a6 21. Qd2 Rae8 22. Ne1 Nc7 23. Nc2 e5 24. Ra1 exd4 25. Qxd4 Qxd4+ 26. Nxd4 f5 27. Nxb5 axb5 28. Bf3 Rxe2 29. Bxe2 Ra8 30. Rxa8+ Nxa8 31. Be3 Bf8 32. Bf3 Nc7 33. Bb6 Ne6 34. Bd5 Kf7 35. Kf2 Bd6 36. Kf3 Ke7 37. g3 Kd7 38. h3 h6 39. Be3 Be7 1/2-1/2

[Event "FRA-chT2 West 0708"]
[Site "France"]
[Date "2007.11.25"]
[Round "3.5"]
[White "Senderovic, Salko"]
[Black "Renault, Nicolas"]
[Result "1-0"]
[WhiteElo "2104"]
[BlackElo "2002"]
[PlyCount "87"]
[EventDate "2007.10.21"]
[EventType "team"]
[EventRounds "11"]
[EventCountry "FRA"]
[SourceTitle "EXT 2009"]
[Source "ChessBase"]
[SourceDate "2008.11.26"]
[SourceVersion "1"]
[SourceVersionDate "2008.11.26"]
[SourceQuality "1"]
[WhiteTeam "Echiquier Berry Sologne"]
[BlackTeam "Gif sur Yvette"]
[WhiteTeamCountry "FRA"]
[BlackTeamCountry "FRA"]

1. e4 c5 2. Nf3 e6 3. d4 cxd4 4. Nxd4 a6 5. Be2 Nf6 6. Bf3 Qc7 7. 0-0 Be7 8. Nc3 0-0 9. Qe2 d6 10. Be3 Nbd7 11. g3 Ne5 12. Bg2 Nc4 13. Bc1 Bd7 14. b3 Na5 15. Bb2 Rac8 16. Rfc1 b5 17. Nd1 Qb6 18. Ne3 Nc6 19. Nxc6 Bxc6 20. Ng4 Nxg4 21. Qxg4 g6 22. Qf4 e5 23. Qd2 f5 24. exf5 Bxg2 25. Kxg2 Rxf5 26. c4 Rcf8 27. Rf1 bxc4 28. bxc4 Qc6+ 29. Qd5+ Qxd5+ 30. cxd5 Rb8 31. Bc3 Rb5 32. Rad1 Bd8 33. f3 Bb6 34. Rb1 Rc5 35. Rxb6 Rxc3 36. Rxd6 Ra3 37. Rf2 Ra5 38. Re2 Ra3 39. Rf2 Ra5 40. Rd2 Ra3 41. Rc6 Rfxf3 42. d6 Rad3 43. Rb2 Rc3 44. Rc7 1-0

[Event "FRA-chT2 West 0708"]
[Site "France"]
[Date "2007.10.21"]
[Round "1.8"]
[White "Frih, Ameur"]
[Black "Senderovic, Salko"]
[Result "1-0"]
[WhiteElo "2115"]
[BlackElo "2104"]
[PlyCount "94"]
[EventDate "2007.10.21"]
[EventType "team"]
[EventRounds "11"]
[EventCountry "FRA"]
[SourceTitle "EXT 2009"]
[Source "ChessBase"]
[SourceDate "2008.11.26"]
[SourceVersion "1"]
[SourceVersionDate "2008.11.26"]
[SourceQuality "1"]
[WhiteTeam "Bois Colombes II"]
[BlackTeam "Echiquier Berry Sologne"]
[WhiteTeamCountry "FRA"]
[BlackTeamCountry "FRA"]

1. d4 d5 2. c4 e6 3. Nc3 Nf6 4. cxd5 exd5 5. Bg5 Nc6 6. e3 Be7 7. Bxf6 Bxf6 8. Qb3 Ne7 9. Bd3 0-0 10. Nge2 c6 11. Qc2 h6 12. 0-0 Be6 13. Nf4 Bd7 14. b4 a6 15. a4 Bg5 16. Nfe2 Qc8 17. Ng3 f5 18. f4 Bh4 19. b5 axb5 20. axb5 Rxa1 21. Rxa1 cxb5 22. Qb3 Bxg3 23. hxg3 Qc6 24. Nxb5 Qe6 25. Kf2 Bxb5 26. Qxb5 Nc6 27. Ra3 Rf7 28. Bb1 g6 29. Ba2 Rd7 30. Qc5 Kg7 31. Rb3 h5 32. Rb5 Re7 33. Qa3 Rd7 34. Qb3 Ne7 35. Rxb7 Rxb7 36. Qxb7 Kf7 37. Qb5 Qe4 38. Bb1 Qe6 39. Bc2 Qc6 40. Qc5 Qa6 41. Bb3 Qe6 42. Qc7 Kf8 43. Ba4 Qc8 44. Qd6 Qb7 45. Kg1 Kg7 46. Kh2 Ng8 47. Qe5+ Kh7 1-0